Co-operatives in India (Record no. 84337)

MARC details
000 -LEADER
fixed length control field 00626cam a2200217 4500
001 - CONTROL NUMBER
control field sa 68012150
003 - CONTROL NUMBER IDENTIFIER
control field DLC
005 - DATE AND TIME OF LATEST TRANSACTION
control field 20260227112607.0
008 - FIXED-LENGTH DATA ELEMENTS--GENERAL INFORMATION
fixed length control field 691105s1968 ii 000 0 eng
010 ## - LIBRARY OF CONGRESS CONTROL NUMBER
LC control number sa 68012150
025 ## - OVERSEAS ACQUISITION NUMBER
Overseas acquisition number PL480:I-E-10529
040 ## - CATALOGING SOURCE
Original cataloging agency DLC
Transcribing agency DLC
Modifying agency DLC
050 00 - LIBRARY OF CONGRESS CALL NUMBER
Classification number HD3538
Item number .S5
082 00 - DEWEY DECIMAL CLASSIFICATION NUMBER
Classification number 334/.0954
100 1# - MAIN ENTRY--PERSONAL NAME
Personal name Sinha, B. K.,
Dates associated with a name 1930-
245 10 - TITLE STATEMENT
Title Co-operatives in India
Statement of responsibility, etc. [by] B. K. Sinha.
260 ## - PUBLICATION, DISTRIBUTION, ETC.
Place of publication, distribution, etc. New Delhi,
Name of publisher, distributor, etc. Committee for Co-operative Training, National Co-operative Union of India,
Date of publication, distribution, etc. 1968.
300 ## - PHYSICAL DESCRIPTION
Extent x, 261 p.
Other physical details port.
Dimensions 23 cm.
350 ## - PRICE (NR) (BK AM CF MU VM SE) [OBSOLETE]
Price 7.50
650 #0 - SUBJECT ADDED ENTRY--TOPICAL TERM
Topical term or geographic name entry element Cooperation
Geographic subdivision India.

No items available.

Powered by Koha